| 000 | 00767nam a2200241 a 4500 | ||
|---|---|---|---|
| 001 | 000025124 | ||
| 005 | 20200930023557.0 | ||
| 008 | 081028s2006 dr a 000 j spa d | ||
| 020 | _a9945406442 | ||
| 040 |
_aDO-SdBNP _bspa _cBNPHU |
||
| 082 |
_a823.8 _bP979c |
||
| 100 | 1 |
_aPuig, María P. _9496 |
|
| 245 | 1 | 0 |
_aCuento de navidad / _cCharles Dickens ; versión María P. Puig. |
| 260 |
_aSanto Domingo : _bTobogán-Panapo, _c2006. |
||
| 300 |
_a111 p. : _bil. ; _c23 cm. |
||
| 490 | 1 | _aClásicos universales | |
| 650 | 4 |
_aCuentos ingleses _9497 |
|
| 650 | 4 |
_aLiteratura inglesa _9498 |
|
| 700 | 1 | 2 |
_aDickens, Charles, _d1812-1870. _tCuento de navidad _9499 |
| 830 | 0 |
_aClásicos universales _9266 |
|
| 910 | _aValidado. Control de calidad BNPHU | ||
| 049 | _aBNPD | ||
| 999 |
_c24617 _d24617 |
||